La Restauración objetiva (Método SCCM de restauración monumental) : Memòria SPAL 1993-1998 / Antoni González Moreno-Navarro Memòria SPAL 1993-1998 / Antoni González Moreno-Navarro
Publicado:
Barcelona :
Diputació de Barcelona. Àrea de Cooperació. Servei del Patrimoni Arquitectònic Local ,
1999
Descripción Física:
130 p. : il., blanc i negre ; 24 x 30 cm
MARC
| LEADER | 00000nam a2200000Ia 4500 | ||
|---|---|---|---|
| 001 | 12259 | ||
| 008 | 160829s1999 xx 000 0 cat d | ||
| 080 | |a FOL-1-168 | ||
| 100 | 1 | |a González, Antoni, |d 1943- |9 26020 | |
| 245 | |a La Restauración objetiva (Método SCCM de restauración monumental) : |b Memòria SPAL 1993-1998 / Antoni González Moreno-Navarro | ||
| 260 | |a Barcelona : |b Diputació de Barcelona. Àrea de Cooperació. Servei del Patrimoni Arquitectònic Local, |c 1999 | ||
| 300 | |a 130 p. : |b il., blanc i negre ; |c 24 x 30 cm | ||
| 650 | |a Barcelona. Diputació. Servei del Patrimoni Arquitectònic Local |x Memòries |9 30594 | ||
| 650 | |a Monuments |x Conservació i restauració |9 23341 | ||
| 710 | |a Barcelona (Catalunya : Província). |b Servei de Patrimoni Arquitectònic Local |9 19202 | ||
| 901 | |a Arxiu | ||
| 942 | |n 1 | ||
| 952 | |0 0 |1 0 |4 0 |6 FOL1168 |7 1 |9 42671 |a Arxiu |b Arxiu |d 2016-12-01 |l 0 |o FOL-1-168 |p 12259 |r 2016-12-01 00:00:00 |w 2016-12-01 |y ARXIU | ||
| 999 | |c 45177 |d 45177 | ||